Statistics for Chadwick Boseman Movies

Click here to take the quiz!

General Stats

  • This quiz has been taken 8 times
  • The average score is 3 of 6

Answer Stats

Release YearCostarsMovie% Correct
2018Michael B. Jordan, Danai GuriraBlack Panther
100%
2016Chris Evans, Robert Downey Jr.Captain America: Civil War
63%
2019J.K. Simmons, Keith David21 Bridges
50%
2013Harrison Ford, Nicole Begarie42
50%
2020Viola Davis, Taylour PaigeMa Rainey's Black Bottom
25%
2020Isiah Whitlock Jr., Jonathan MajorsDa 5 Bloods
13%

Score Distribution

Percentile by Number Answered

Percent of People with Each Score

Your Score History

You have not taken this quiz